NLSUI OPAC header image

Vichara Sahitya 2001 : A Collection of Critical Articles (Record no. 120033)

MARC details
000 -LEADER
fixed length control field 00393nam a2200133Ia 4500
008 - FIXED-LENGTH DATA ELEMENTS--GENERAL INFORMATION
fixed length control field 200619s9999 xx 000 0 und d
082 ## - DEWEY DECIMAL CLASSIFICATION NUMBER
Classification number 809MAR
100 ## - MAIN ENTRY--PERSONAL NAME
Personal name Maruthi S.
245 #0 - TITLE STATEMENT
Title Vichara Sahitya 2001 : A Collection of Critical Articles
264 ## - PRODUCTION, PUBLICATION, DISTRIBUTION, MANUFACTURE, AND COPYRIGHT NOTICE
Place of production, publication, distribution, manufacture Bangalore
Name of producer, publisher, distributor, manufacturer Karnataka Sahitya Academy
Date of production, publication, distribution, manufacture, or copyright notice 2006
300 ## - PHYSICAL DESCRIPTION
Extent 212
942 ## - ADDED ENTRY ELEMENTS (KOHA)
Koha item type CSSEIP Office Library Collection
Holdings
Withdrawn status Lost status Damaged status Not for loan Home library Current library Shelving location Date acquired Total Checkouts Barcode Date last seen Price effective from Koha item type
        . . CSSEIP Office Library 25.06.2020   CSSEIP495 23.06.2020 23.06.2020 CSSEIP Office Library Collection